| 000 | 00344 a2200121 4500 | ||
|---|---|---|---|
| 001 | 75258 | ||
| 082 | _a620.118 SCH | ||
| 090 |
_c39104 _d39104 |
||
| 100 | _aSchwartx, Mel M | ||
| 245 |
_aComposite Materials : Processing, Fabrication and Application Vol-II _hEnglish _nV-II |
||
| 260 |
_aNew Jersey _bPrintice Hall _c1997 |
||
| 300 | _bxvi+572p | ||
| 942 |
_aCAE NUST _k620.118 SCH |
||
| 999 |
_c310331 _d310331 |
||